Países con el Árabe como Lengua Oficial - Estadísticas

Estadísticas generales
  • Esta prueba ha sido intentada 89 veces
  • La puntuación promedio es 19 de 22
Estadísticas de respuestas
País % Correcto
Arabia Saudita
99%
Egipto
99%
Argelia
96%
Marruecos
96%
Omán
96%
Siria
96%
Yemen
96%
Irak
95%
Catar
93%
Kuwait
92%
Libia
92%
Mauritania
92%
Túnez
92%
Baréin
89%
Emiratos Árabes Unidos
89%
Líbano
89%
Jordania
87%
Sudán
83%
Somalia
79%
Chad
76%
Yibuti
64%
Comoras
32%
No se encontraron pruebas coincidentes
Distribución de puntuación
Porcentaje de gente con cada puntuación
Porcentaje por número respondido
Historial de tus puntuaciones
No has intentado esta prueba.